000
00395nam a2200133Ia 4500
008
151001s9999||||xx |||||||||||||| ||und||
100
_a
उन्मेष
245
_a
अष्टविनायकाच्या कथा
250
_a
1
260
_b
वैशाली प्रकाशन मध्यप्रदेश
260
_c
2004
300
_a
32
365
_b
21
999
_c
983119
_d
983116